00294 a2200121 4500003000500000005001700005040000900022082001100031245006100042505003000103650002200133651001700155Nust20170207154601.0 cNust a025.34 aWhat to say : Units : 1-4, side 1: units: 5-10, side 2  aAlmirah No.73 shelf No.6  aEnglish learning  aWhat to say